<Les> indispensables du créateur d'entreprise

Gespeichert in:
Bibliographische Detailangaben
1. Verfasser: Sykes, Martin
Weitere Verfasser: Malik, A. Nicklas, West, Mark D.
Format: Buch
Sprache:Französisch
Veröffentlicht: Paris Pearson Education France 2013
Schriftenreihe:Apprendre toujours
Schlagworte:
Tags: Tag hinzufügen
Keine Tags, Fügen Sie das erste Tag hinzu!

MARC

LEADER 00000nam a2200000 4500
001 0179545
005 20240311131230.8
020 |a 978-2-7440-6586-6 
020 |a 978-2-7440-6562-0 
041 0 |a fre 
044 |a FR 
245 1 0 |a <Les> indispensables du créateur d'entreprise  |c Martin Sykes, A. Nicklas Malik et Mark D. West 
264 1 |a Paris  |b Pearson Education France  |c 2013 
300 |a 258 s. 
490 1 |a Apprendre toujours 
830 0 |a Apprendre toujours 
610 2 0 |a prezentácia 
610 2 0 |a komunikácia 
100 1 |a Sykes, Martin 
700 1 |a Malik, A. Nicklas 
700 1 |a West, Mark D.